Country By Currency Name Quiz Stats

 Plays Quiz Updated Jul 2, 2018

Challenge
Share
Tweet
Embed
Score 0/58 Timer 10:00
7 Plays Today
Currency Country % Correct
AfghaniAfghanistan
96.8%
BolivianoBolivia
78.3%
YenJapan
62.9%
BahtThailand
58%
BolivarVenezuela
55%
LeoneSierra Leone
47.1%
RealBrazil
44.5%
RandSouth Africa
44.2%
DongVietnam
43.3%
ZlotyPoland
42.1%
New SheqelIsrael, Palestine
34.3%
BalboaPanama
31.6%
VatuVanuatu
31.3%
Nuevo SolPeru
30.6%
QuetzalGuatemala
30.1%
GuaraniParaguay
30%
ColonCosta Rica
29.1%
ForintHungary
27.2%
CórdobaNicaragua
26.4%
KrónaIceland
26.2%
KorunaCzechia
24.6%
RenminbiChina
22.2%
LevBulgaria
21.7%
RinggitMalaysia
20.6%
RupiahIndonesia
18.8%
DirhamMorocco
18%
HryvniaUkraine
17.7%
GourdeHaiti
17.6%
LekAlbania
16.6%
Currency Country % Correct
DenarMacedonia
16%
BirrEthiopia
15.5%
KinaPapua New Guinea
14.8%
LempiraHonduras
14.5%
KunaCroatia
14.2%
CediGhana
12.9%
KipLaos
12.6%
TalaSamoa
12.3%
NairaNigeria
12.1%
AriaryMadagascar
9.6%
TakaBangladesh
9.5%
KyatMyanmar
8.8%
KwanzaAngola
8.5%
NgultrumBhutan
8.5%
RielCambodia
8.3%
DramArmenia
8.1%
TugrikMongolia
7.8%
PulaBotswana
7.6%
TengeKazakhstan
7.3%
MeticalMozambique
6.7%
LariGeorgia
6.5%
DalasiGambia
6.4%
RufiyaaMaldives
6.1%
LilangenieSwatini
6%
OuguiyaMauritania
5.6%
SomoniTajikistan
5.4%
DobraSão Tomé and Príncipe
5.3%
LotiLesotho
5.1%
NakfaEritrea
4.9%

You're not logged in!

Compare scores with friends on all Sporcle quizzes.
Join for Free
OR
Log In

You Might Also Like...

Show Comments

Extras

Top Quizzes Today


Score Distribution

Your Account Isn't Verified!

In order to create a playlist on Sporcle, you need to verify the email address you used during registration. Go to your Sporcle Settings to finish the process.

Report this User

Report this user for behavior that violates our Community Guidelines.

Details: